[Event "Harrogate 4NCL op-C 29th"]
[Site "Harrogate"]
[Date "2023.01.20"]
[Round "1"]
[White "Sweeney, Ryan"]
[Black "Blower, Trevor R"]
[Result "0-1"]
[WhiteElo "1261"]
[BlackElo "1594"]
[PlyCount "35"]
[EventDate "2023.01.20"]
[EventType "swiss"]
[EventRounds "5"]
[EventCountry "ENG"]
[SourceTitle "CBM 212 Extra"]
[Source "ChessBase"]
[SourceDate "2023.03.31"]
[SourceVersion "1"]
[SourceVersionDate "2023.03.31"]
[SourceQuality "1"]

1. e4 g6 2. d4 Bg7 3. Nc3 c6 4. f4 d5 5. Nf3 Qc7 6. Be3 Nf6 7. h3 0-0 8. Qd2 b5 9. Bd3 Nbd7 10. g4 Bb7 11. f5 b4 12. Ne2 c5 13. fxg6 fxg6 14. Ng5 Qc8 15. b3 Nb6 16. c4 h6 17. e5 hxg5 18. 0-0-0 0-1

[Event "Harrogate 4NCL op-C 27th"]
[Site "Harrogate"]
[Date "2022.01.23"]
[Round "4"]
[White "Goldsmith, Jennifer"]
[Black "Blower, Trevor R"]
[Result "0-1"]
[WhiteElo "1428"]
[BlackElo "1591"]
[PlyCount "119"]
[EventDate "2022.01.21"]
[EventType "swiss"]
[EventRounds "5"]
[EventCountry "ENG"]
[SourceTitle "CBM 206 Extra"]
[Source "ChessBase"]
[SourceDate "2022.03.31"]
[SourceVersion "1"]
[SourceVersionDate "2022.03.31"]
[SourceQuality "1"]

1. d4 f5 2. Nf3 Nf6 3. Bf4 d6 4. Nbd2 g6 5. e3 Bg7 6. Be2 0-0 7. 0-0 c6 8. c4 Qc7 9. c5 Nh5 10. cxd6 exd6 11. Bc4+ Kh8 12. Bg5 d5 13. Bb3 Be6 14. Rc1 Nd7 15. Bh4 Rae8 16. Ng5 Bg8 17. Re1 Ndf6 18. f3 Qd7 19. Bc2 h6 20. Nh3 g5 21. Bg3 Nxg3 22. hxg3 Nh5 23. Kh2 g4 24. Nf2 Qd6 25. f4 Be6 26. Nd3 Bc8 27. Ne5 Bxe5 28. dxe5 Qg6 29. Nf1 Ng7 30. Kg1 Ne6 31. Nh2 h5 32. Kf2 Nc5 33. Nf1 Ne4+ 34. Kg1 Qh6 35. Bxe4 fxe4 36. Kf2 Rxe5 37. Qd4 Rff5 38. Ke2 b6 39. fxe5 Ba6+ 40. Kd2 Rf2+ 41. Kc3 Qe6 42. Nd2 c5 43. Qa4 Qxe5+ 44. Kc2 Bd3+ 45. Kd1 Kg8 46. Qb5 Kh7 47. Rc3 c4 48. Ra3 Rf7 49. Rh1 Kg6 50. Qa4 Qd6 51. Kc1 a5 52. Qd1 Qxg3 53. Qg1 Rf2 54. Qh2 Qxh2 55. Rxh2 g3 56. Rh1 Rxg2 57. Nf1 Bxf1 58. Rxf1 h4 59. Rh1 Kg5 60. Rc3 0-1